| 000 | 00985nam a2200193 4500 | ||
|---|---|---|---|
| 999 |
_c63804 _d63804 |
||
| 003 | Ge_BSU | ||
| 005 | 20260116151729.0 | ||
| 008 | 260116s1955 ge ||||| |||| 00| 0 geo d | ||
| 041 | _ageo | ||
| 080 | _a631.67(479.22) მ-68 | ||
| 100 |
_aმინდაძე, გ., _926693 |
||
| 245 |
_aმორწყვის საქმე საქართველოში და სამგორის სახალხო მშენებლობა / _cგ. მინდაძე. |
||
| 264 |
_aთბილისი : _bტექნიკა და შრომა, _c1955. |
||
| 300 |
_a80 გვ. : _b8გვ. ილ. ; _c 23 სმ. |
||
| 500 | _aდანართი: "დამატება", გვ. 1-8. | ||
| 653 | _aსასოფლო-სამეურნეო მელიორაცია საქართველოში | ||
| 653 | _aსარწყავი არხები საქართველოში | ||
| 942 |
_2udc _cᲬᲘᲒᲜᲘ |
||